NBA Leading Scorers 2025-2026 - Statistics

General Stats
  • This quiz has been taken 215 times
  • The average score is 9 of 15
Answer Stats
Rank Answer % Correct
1 Luka Doncic
94%
7 Nikola Jokic
91%
4 Jaylen Brown
72%
3 Anthony Edwards
69%
10 Kevin Durant
69%
9 Jalen Brunson
66%
8 Donovan Mitchell
64%
2 Shai Gilgious-Alexander
62%
14 Cade Cunningham
61%
5 Tyrese Maxey
61%
6 Kawhi Leonard
53%
11 Devin Booker
48%
12 Jamal Murray
39%
13 Victor Wembenyama
6%
15 Pascal Siakem
1%
No matching quizzes found
Score Distribution
Percent of People with Each Score
Percentile by Number Answered
Your Score History
You have not taken this quiz